[Event "NOR-chT Elite 2324"]
[Site "Norway"]
[Date "2024.03.08"]
[Round "7.35"]
[White "Mellem, Nicolas Axel"]
[Black "Strand, Vetle Bjorge"]
[Result "0-1"]
[WhiteElo "2145"]
[BlackElo "2133"]
[PlyCount "68"]
[EventDate "2023.10.27"]
[EventType "team-tourn"]
[EventRounds "9"]
[EventCountry "NOR"]
[SourceTitle "CB16_2024"]
[SourceDate "2024.04.17"]
[SourceVersion "1"]
[SourceVersionDate "2024.04.17"]
[SourceQuality "1"]
[WhiteTeam "Baerum"]
[BlackTeam "Asker"]
[WhiteTeamCountry "NOR"]
[BlackTeamCountry "NOR"]

1. d4 d5 2. c4 c6 3. Nf3 Nf6 4. e3 e6 5. Bd3 Nbd7 6. b3 Bd6 7. Bb2 b6 8. 0-0 Bb7 9. Nbd2 0-0 10. Ne5 c5 11. f4 cxd4 12. exd4 Ne4 13. cxd5 Nxd2 14. Qxd2 Bxd5 15. f5 Nxe5 16. dxe5 Bc5+ 17. Kh1 Be4 18. Rad1 exf5 19. Qc2 Qd5 20. Bxe4 Qxe4 21. Qc3 Rfd8 22. h3 Rxd1 23. Rxd1 Qe3 24. Qxe3 Bxe3 25. Rd7 a5 26. e6 f6 27. e7 Re8 28. Ba3 Kf7 29. Rb7 f4 30. h4 h5 31. Kh2 Bf2 32. Kh3 Bg3 33. Rxb6 g5 34. hxg5 fxg5 0-1

[Event "NOR-chT Clubs"]
[Site "Drammen"]
[Date "2022.05.26"]
[Round "3"]
[White "Dahl, Max"]
[Black "Mellem, Nicolas Axel"]
[Result "1-0"]
[WhiteElo "2131"]
[BlackElo "2162"]
[PlyCount "65"]
[EventDate "2022.05.26"]
[EventType "team-swiss"]
[EventRounds "6"]
[EventCountry "NOR"]
[SourceTitle "EXT 2024"]
[Source "ChessBase"]
[SourceDate "2023.10.10"]
[SourceVersion "1"]
[SourceVersionDate "2023.10.10"]
[SourceQuality "1"]
[WhiteTeam "Oslo SK 1911"]
[BlackTeam "Baerum"]
[WhiteTeamCountry "NOR"]
[BlackTeamCountry "NOR"]

1. c4 e5 2. Nc3 Nc6 3. e3 Nf6 4. Nf3 Bb4 5. Qc2 d6 6. Ne2 d5 7. a3 Be7 8. cxd5 Nxd5 9. Ng3 a6 10. b4 Bf6 11. Bb2 0-0 12. Bc4 g6 13. Rd1 Bg7 14. d4 exd4 15. Nxd4 Nxd4 16. Bxd4 Bxd4 17. Rxd4 c6 18. 0-0 a5 19. b5 Qe7 20. Bxd5 cxd5 21. Qb2 Qe5 22. Ne2 b6 23. Nc3 Bb7 24. Qd2 Rfd8 25. Rd1 Rac8 26. e4 Rc5 27. Nxd5 Rdc8 28. Nxb6 Rc2 29. Qe3 Re8 30. Nd7 Qe7 31. e5 Kh8 32. Nf6 Rg8 33. Qh6 1-0

[Event "NOR-chT Clubs"]
[Site "Drammen"]
[Date "2022.05.26"]
[Round "6"]
[White "Mellem, Nicolas Axel"]
[Black "Al Tarbosh, Ward"]
[Result "0-1"]
[WhiteElo "2162"]
[BlackElo "2186"]
[PlyCount "68"]
[EventDate "2022.05.26"]
[EventType "team-swiss"]
[EventRounds "6"]
[EventCountry "NOR"]
[SourceTitle "EXT 2024"]
[Source "ChessBase"]
[SourceDate "2023.10.10"]
[SourceVersion "1"]
[SourceVersionDate "2023.10.10"]
[SourceQuality "1"]
[WhiteTeam "Baerum"]
[BlackTeam "Oslo SS II"]
[WhiteTeamCountry "NOR"]
[BlackTeamCountry "NOR"]

1. d4 d5 2. c4 c6 3. Nf3 Nf6 4. Nc3 dxc4 5. a4 Bf5 6. Ne5 Nbd7 7. Nxc4 Nb6 8. Ne5 a5 9. g3 e6 10. Bg2 Bb4 11. 0-0 0-0 12. e3 h6 13. Qe2 Bh7 14. Rd1 Nbd5 15. Bd2 Ne7 16. Be1 Nf5 17. f3 Qe7 18. g4 Nd6 19. Bh4 c5 20. Na2 Rfc8 21. Nxb4 cxb4 22. e4 Qe8 23. Bxf6 gxf6 24. Nd3 b5 25. axb5 Qxb5 26. Kh1 b3 27. f4 Rc2 28. Qe3 Nc4 29. Qh3 Nxb2 30. Nxb2 Rxb2 31. e5 Rc8 32. exf6 Qe2 33. f5 Rc3 34. Re1 Ra2 0-1

[Event "Hedmark & Oppland Region-ch"]
[Site "Lillehammer"]
[Date "2019.04.27"]
[Round "2"]
[White "Kadribegovic, Camil"]
[Black "Mellem, Nicolas Axel"]
[Result "0-1"]
[WhiteElo "1456"]
[BlackElo "2155"]
[PlyCount "146"]
[EventDate "2019.04.27"]
[EventType "swiss"]
[EventRounds "5"]
[EventCountry "NOR"]
[SourceTitle "EXT 2024"]
[Source "ChessBase"]
[SourceDate "2023.10.10"]
[SourceVersion "1"]
[SourceVersionDate "2023.10.10"]
[SourceQuality "1"]

1. e3 Nf6 2. b3 g6 3. Bb2 Bg7 4. Ne2 0-0 5. Ng3 d5 6. Be2 c5 7. 0-0 Nc6 8. d3 e5 9. Nd2 Rb8 10. e4 d4 11. f4 b5 12. f5 a5 13. Ba3 Qe7 14. Bg4 Bh6 15. Bh3 Ba6 16. Bc1 a4 17. Nf3 Bg7 18. Ng5 c4 19. Bd2 a3 20. Qe1 h6 21. Nf3 g5 22. Nxg5 hxg5 23. Bxg5 Qb4 24. Qe2 Rfc8 25. Nh5 Nxh5 26. Qxh5 f6 27. Bxf6 Qf8 28. Bxg7 Qxg7 29. Rf3 Qf7 30. Rg3+ Kf8 31. Qh6+ Ke8 32. f6 Qf8 33. Qh7 Rb7 34. Qf5 Rf7 35. Rf1 Kd8 36. Qe6 Rcc7 37. Qd5+ Ke8 38. Be6 Rxf6 39. Rxf6 Qxf6 40. Rf3 Qh6 41. h3 cxd3 42. cxd3 Nd8 43. Bg4 Qg7 44. Bh5+ Ke7 45. Kh2 Ne6 46. Rf5 Rc5 47. Qa8 Bc8 48. Rf7+ Qxf7 49. Bxf7 Kxf7 50. Qxa3 Rc2 51. Qd6 Kf6 52. Qb6 Rxa2 53. Qxb5 Nf4 54. Qb6+ Be6 55. Qd8+ Kg6 56. Qe8+ Kg7 57. Qe7+ Kg6 58. h4 Rxg2+ 59. Kh1 Rg3 60. Qe8+ Kg7 61. Qe7+ Kg6 62. Qe8+ Kf6 63. Qf8+ Bf7 64. Qd6+ Ne6 65. Qa6 Rg4 66. b4 Rxh4+ 67. Kg2 Kg5 68. b5 Nf4+ 69. Kg1 Nxd3 70. Qa7 Rg4+ 71. Kf1 Rh4 72. Qxf7 Rf4+ 73. Qxf4+ Kxf4 0-1

[Event "Elverum Region-ch A"]
[Site "Elverum"]
[Date "2017.04.02"]
[Round "4"]
[White "Mellem, Nicolas Axel"]
[Black "Opseth, Oliver"]
[Result "1-0"]
[WhiteElo "2113"]
[BlackElo "1516"]
[PlyCount "55"]
[EventDate "2017.04.01"]
[EventType "swiss"]
[EventRounds "5"]
[EventCountry "NOR"]
[SourceTitle "EXT 2024"]
[Source "ChessBase"]
[SourceDate "2023.10.10"]
[SourceVersion "1"]
[SourceVersionDate "2023.10.10"]
[SourceQuality "1"]

1. e4 e5 2. d4 Nc6 3. Nf3 exd4 4. Bc4 Nf6 5. Ng5 d5 6. exd5 Ne5 7. Qxd4 Nxc4 8. Qxc4 Be7 9. Nc3 Bf5 10. Qb5+ Nd7 11. Nxf7 Kxf7 12. d6 Bxc2 13. dxe7 Qxe7+ 14. Be3 Nb6 15. 0-0 Rad8 16. Bg5 Bd3 17. Qb3+ Qe6 18. Qxe6+ Kxe6 19. Rfe1+ Kf5 20. Bxd8 Rxd8 21. Re7 Rd7 22. Rxd7 Nxd7 23. f3 Ne5 24. Kf2 Nc4 25. b3 Ne5 26. Ke3 c6 27. f4 Ng4+ 28. Kxd3 1-0

[Event "Elverum Region-ch A"]
[Site "Elverum"]
[Date "2017.04.01"]
[Round "3"]
[White "Mellem, Nicolas Axel"]
[Black "Smeby, Ole"]
[Result "1-0"]
[WhiteElo "2113"]
[BlackElo "1884"]
[PlyCount "49"]
[EventDate "2017.04.01"]
[EventType "swiss"]
[EventRounds "5"]
[EventCountry "NOR"]
[SourceTitle "EXT 2024"]
[Source "ChessBase"]
[SourceDate "2023.10.10"]
[SourceVersion "1"]
[SourceVersionDate "2023.10.10"]
[SourceQuality "1"]

1. e4 d5 2. exd5 Qxd5 3. Nc3 Qa5 4. d4 c6 5. Bc4 Nf6 6. Qe2 Nbd7 7. Bd2 Qc7 8. 0-0-0 Nb6 9. Bb3 Bf5 10. f3 Nfd5 11. Ne4 h6 12. g4 Bg6 13. Nh3 0-0-0 14. c4 Nf6 15. Bf4 Qd7 16. Nc5 Qe8 17. Qe5 Rd6 18. Qe1 Rd8 19. Qa5 e5 20. dxe5 Bxc5 21. Qxc5 Nfd7 22. Qa5 Qe7 23. Rd6 Qh4 24. e6 fxe6 25. Rxc6+ 1-0

[Event "Oslo Sveins op 9th"]
[Site "Oslo"]
[Date "2016.06.24"]
[Round "5"]
[White "Folkvord, Svein"]
[Black "Mellem, Nicolas Axel"]
[Result "0-1"]
[WhiteElo "1896"]
[BlackElo "2146"]
[PlyCount "58"]
[EventDate "2016.06.24"]
[EventType "swiss"]
[EventRounds "9"]
[EventCountry "NOR"]
[SourceTitle "CBM 173 Extra"]
[Source "ChessBase"]
[SourceDate "2016.08.29"]
[SourceVersion "1"]
[SourceVersionDate "2016.08.29"]
[SourceQuality "1"]

1. d4 g6 2. e4 Bg7 3. Nf3 d6 4. Bc4 a6 5. 0-0 b5 6. Bb3 Bb7 7. Bxf7+ Kxf7 8. Ng5+ Ke8 9. Qf3 Bf6 10. Ne6 Qc8 11. d5 Nd7 12. Nc3 Nf8 13. Nxf8 Kxf8 14. Ne2 Qe8 15. Nd4 Bc8 16. g4 h6 17. h4 Kg7 18. Be3 Bxh4 19. Qh1 Bf6 20. f4 Bxg4 21. Qg2 Bd7 22. Ne6+ Bxe6 23. dxe6 Qc6 24. f5 g5 25. Qf3 Be5 26. Bxg5 hxg5 27. Qg4 Kf6 28. Rad1 Rh2 29. Rf3 Qxc2 0-1

[Event "Oslo Sveins op 9th"]
[Site "Oslo"]
[Date "2016.06.24"]
[Round "4"]
[White "Mellem, Nicolas Axel"]
[Black "Toby, Albert"]
[Result "0-1"]
[WhiteElo "2146"]
[BlackElo "2016"]
[PlyCount "84"]
[EventDate "2016.06.24"]
[EventType "swiss"]
[EventRounds "9"]
[EventCountry "NOR"]
[SourceTitle "CBM 173 Extra"]
[Source "ChessBase"]
[SourceDate "2016.08.29"]
[SourceVersion "1"]
[SourceVersionDate "2016.08.29"]
[SourceQuality "1"]

1. e4 c6 2. d4 d5 3. e5 Bf5 4. Nc3 e6 5. g4 Bg6 6. Nge2 f6 7. Nf4 Bf7 8. Qe2 Qe7 9. Bg2 fxe5 10. dxe5 g5 11. Nd3 h5 12. h4 gxh4 13. g5 Nd7 14. f4 Bg6 15. Bd2 0-0-0 16. 0-0-0 Qf7 17. Ne1 Ne7 18. Nf3 Nf5 19. Qe1 Bc5 20. Kb1 Nb6 21. b3 Qh7 22. Rc1 Ba3 23. Ne2 Bxc1 24. Qxc1 d4 25. Bh3 d3 26. Bxf5 Bxf5 27. Ned4 dxc2+ 28. Kb2 h3 29. a4 Bg4 30. a5 Na8 31. a6 c5 32. Be3 cxd4 33. Nxd4 Kb8 34. Rh2 Qd3 35. axb7 Kxb7 36. Rxc2 Rxd4 37. Bxd4 Qxd4+ 38. Ka2 Rd8 39. Ka3 Bd1 40. Rc4 Qd2 41. Rb4+ Nb6 42. Qc5 Qd5 0-1

[Event "Oslo Sveins op 8th"]
[Site "Oslo"]
[Date "2015.06.21"]
[Round "4"]
[White "Mellem, Nicolas Axel"]
[Black "Nilsen, Joachim Birger"]
[Result "1-0"]
[WhiteElo "2143"]
[BlackElo "2377"]
[PlyCount "89"]
[EventDate "2015.06.19"]
[EventType "swiss"]
[EventRounds "9"]
[EventCountry "NOR"]
[SourceTitle "CBM 167 Extra"]
[Source "ChessBase"]
[SourceDate "2015.09.14"]
[SourceVersion "1"]
[SourceVersionDate "2015.09.14"]
[SourceQuality "1"]

1. d4 Nf6 2. c4 g6 3. Nc3 Bg7 4. e4 d6 5. Nge2 0-0 6. Ng3 c5 7. d5 e6 8. Be2 exd5 9. cxd5 a6 10. a4 Nbd7 11. Bg5 h6 12. Be3 Qe7 13. Qd2 h5 14. Bg5 Re8 15. 0-0 Qf8 16. Rae1 Nh7 17. Bh4 Rb8 18. f4 b5 19. axb5 axb5 20. Nxb5 Ba6 21. Qa5 Rb6 22. Nc7 Bxe2 23. Nxe8 Bd4+ 24. Rf2 Bxf2+ 25. Kxf2 Rxb2 26. Rxe2 Rxe2+ 27. Kxe2 Qxe8 28. Qd8 Qxd8 29. Bxd8 Kf8 30. Bc7 Ke7 31. e5 dxe5 32. fxe5 Nhf8 33. Ne4 g5 34. Bd6+ Ke8 35. Nxg5 Ng6 36. e6 fxe6 37. dxe6 Ndf8 38. Kd3 Nh4 39. g3 Nf5 40. Bxc5 Ng6 41. Ke4 Ng7 42. h4 Ne7 43. Bxe7 Kxe7 44. Ke5 Ne8 45. Nf3 1-0

[Event "Oslo Sveins op 6th"]
[Site "Oslo"]
[Date "2013.06.22"]
[Round "2"]
[White "Mellem, Nicolas Axel"]
[Black "Djurhuus, Rune"]
[Result "0-1"]
[WhiteElo "2124"]
[BlackElo "2455"]
[PlyCount "104"]
[EventDate "2013.06.21"]
[EventType "swiss"]
[EventRounds "9"]
[EventCountry "NOR"]
[SourceTitle "CBM 155 Extra"]
[Source "ChessBase"]
[SourceDate "2013.08.26"]
[SourceVersion "1"]
[SourceVersionDate "2013.08.26"]
[SourceQuality "1"]

1. e4 e5 2. d4 exd4 3. Nf3 Nc6 4. Bc4 Bb4+ 5. c3 dxc3 6. 0-0 c2 7. Qxc2 Nge7 8. a3 Bd6 9. Qc3 f6 10. Ba2 Ng6 11. Re1 Be7 12. b4 d6 13. b5 Nce5 14. Nd4 Nf7 15. f4 0-0 16. Be3 Bd7 17. Nd2 Kh8 18. Bd5 Qc8 19. Rac1 Bd8 20. Qb3 Nh6 21. Nc4 Be7 22. Na5 Rb8 23. Qc4 Bd8 24. Bd2 Re8 25. g3 Ne7 26. e5 Nxd5 27. Qxd5 dxe5 28. fxe5 fxe5 29. Bxh6 gxh6 30. Rxe5 Bf6 31. Ree1 Bg4 32. Nab3 Rxe1+ 33. Rxe1 Qd7 34. Qxd7 Bxd7 35. a4 c5 36. bxc6 bxc6 37. Rf1 Kg7 38. Rd1 Rb4 39. Nc2 Bg4 40. Rd7+ Bxd7 41. Nxb4 c5 42. Nd5 Bxa4 43. Nxf6 Bxb3 44. Ne4 c4 45. Kf2 a5 46. Ke3 a4 47. Kd4 a3 48. Kc3 Kg6 49. h3 Kf5 50. Nd6+ Ke5 51. Nb5 a2 52. Kb2 Ke4 0-1

[Event "Oslo Sveins op 4th"]
[Site "Oslo"]
[Date "2011.06.24"]
[Round "2"]
[White "Hebden, Mark"]
[Black "Mellem, Nicolas Axel"]
[Result "0-1"]
[WhiteElo "2539"]
[BlackElo "2113"]
[PlyCount "80"]
[EventDate "2011.06.24"]
[EventType "swiss"]
[EventRounds "9"]
[EventCountry "NOR"]
[SourceTitle "CBM 143 Extra"]
[Source "ChessBase"]
[SourceDate "2011.08.29"]
[SourceVersion "1"]
[SourceVersionDate "2011.08.29"]
[SourceQuality "1"]

1. d4 d5 2. Nf3 Nf6 3. c4 c6 4. e3 Bf5 5. cxd5 cxd5 6. Qb3 Qc7 7. Bd2 Nc6 8. Bb5 e6 9. 0-0 Bd6 10. Bb4 0-0 11. Bxc6 bxc6 12. Nbd2 Rab8 13. Bxd6 Qxd6 14. Qc3 Nd7 15. Rfc1 Rfc8 16. Nb3 h6 17. Qa5 Rc7 18. h3 Rb5 19. Qd2 Be4 20. Ne1 c5 21. Qc3 Qb6 22. dxc5 Nxc5 23. Qe5 Nxb3 24. axb3 Rxc1 25. Rxc1 Rxb3 26. Rc8+ Kh7 27. Nf3 Bxf3 28. gxf3 Rxb2 29. Rc7 Rb1+ 30. Kh2 Qb8 31. Qf4 Qb2 32. Kg2 Qa1 33. Qh2 f5 34. f4 a5 35. Rc6 a4 36. h4 a3 37. h5 a2 38. Ra6 Re1 39. Rxa2 Qxa2 40. Qg3 Qa8 0-1

[Event "Oslo Sveins op 4th"]
[Site "Oslo"]
[Date "2011.06.24"]
[Round "4"]
[White "Mellem, Nicolas Axel"]
[Black "Gronn, Atle"]
[Result "0-1"]
[WhiteElo "2113"]
[BlackElo "2409"]
[PlyCount "78"]
[EventDate "2011.06.24"]
[EventType "swiss"]
[EventRounds "9"]
[EventCountry "NOR"]
[SourceTitle "CBM 143 Extra"]
[Source "ChessBase"]
[SourceDate "2011.08.29"]
[SourceVersion "1"]
[SourceVersionDate "2011.08.29"]
[SourceQuality "1"]

1. e4 c5 2. Nf3 Nc6 3. d4 cxd4 4. Nxd4 Nf6 5. Nc3 d6 6. Bg5 e6 7. Qd2 a6 8. 0-0-0 h6 9. Bf4 Bd7 10. Nb3 Ne5 11. f3 Rc8 12. Be2 b5 13. g4 Nc4 14. Bxc4 bxc4 15. Na1 e5 16. Be3 Be6 17. h4 Qa5 18. g5 Nd7 19. a3 Nb6 20. Qf2 Na4 21. Nxa4 Qxa4 22. c3 hxg5 23. hxg5 Rxh1 24. Rxh1 Rb8 25. Rh8 Qb5 26. f4 exf4 27. Bxf4 Ke7 28. Qd2 Qb6 29. Be3 Qb7 30. e5 Kd7 31. exd6 Bxd6 32. Rh4 Ke7 33. g6 Bxa3 34. Rh2 Qe4 35. Bg5+ f6 36. Bxf6+ Kxf6 37. Rf2+ Bf5 38. Nc2 Bxb2+ 39. Kd1 Qg4+ 0-1

[Event "Oslo Sveins op 2nd"]
[Site "Oslo"]
[Date "2009.06.20"]
[Round "2"]
[White "Mellem, Nicolas Axel"]
[Black "Urkedal, Frode Olav Olsen"]
[Result "0-1"]
[WhiteElo "2112"]
[BlackElo "2299"]
[PlyCount "128"]
[EventDate "2009.06.19"]
[EventType "swiss"]
[EventRounds "9"]
[EventCountry "NOR"]
[SourceTitle "CBM 130 Extra"]
[Source "ChessBase"]
[SourceDate "2009.07.02"]
[SourceVersion "2"]
[SourceVersionDate "2009.07.15"]
[SourceQuality "1"]

1. e4 c5 2. Nf3 d6 3. d4 cxd4 4. Nxd4 Nf6 5. Nc3 a6 6. Bg5 e6 7. f4 Be7 8. Qf3 Qc7 9. 0-0-0 Nbd7 10. g4 h6 11. Bxf6 Bxf6 12. Bg2 Nb6 13. h4 Qc4 14. Bf1 Qc5 15. e5 dxe5 16. Ne4 Qc7 17. Nxf6+ gxf6 18. fxe5 Qxe5 19. Nc6 bxc6 20. Qxc6+ Bd7 21. Qxb6 Rb8 22. Qd4 Qxd4 23. Rxd4 e5 24. Rd6 Ke7 25. Rxa6 Bxg4 26. Ra7+ Kf8 27. Bc4 Rh7 28. Re1 Rd8 29. b3 Bf3 30. a4 Rg7 31. a5 Ra8 32. Rxa8+ Bxa8 33. a6 Ke7 34. Rd1 Rg8 35. b4 Rg4 36. Bb5 Rxb4 37. c4 Be4 38. Rd7+ Ke6 39. Rb7 Kd6 40. Rxf7 Kc5 41. Kd2 f5 42. a7 Rb2+ 43. Kc3 Ra2 44. Kb3 Ra1 45. Kb2 Ra5 46. Re7 Kd4 47. Kb3 f4 48. Kb4 Ra1 49. Rd7+ Ke3 50. c5 f3 51. c6 f2 52. Kc5 Ra5 53. Rf7 Bf3 54. a8Q Rxa8 55. c7 Rc8 56. Kd6 Be2 57. Bd7 Rxc7 58. Kxc7 f1Q 59. Rxf1 Bxf1 60. Kd6 Kf4 61. Ke7 e4 62. Ba4 e3 63. Bd1 e2 64. Bxe2 Bxe2 0-1

[Event "Oslo Johannessen Memorial"]
[Site "Oslo"]
[Date "2008.06.29"]
[Round "5"]
[White "Thingstad, Even"]
[Black "Mellem, Nicolas Axel"]
[Result "0-1"]
[WhiteElo "1982"]
[BlackElo "2131"]
[PlyCount "120"]
[EventDate "2008.06.27"]
[EventType "swiss"]
[EventRounds "9"]
[EventCountry "NOR"]
[SourceTitle "CBM 125 Extra"]
[Source "ChessBase"]
[SourceDate "2008.09.01"]
[SourceVersion "1"]
[SourceVersionDate "2008.09.01"]
[SourceQuality "1"]

1. d4 d5 2. c4 c6 3. Nf3 Nf6 4. Nc3 dxc4 5. a4 Bf5 6. e3 e6 7. a5 Bb4 8. Qa4 Qe7 9. Bxc4 0-0 10. 0-0 Nbd7 11. Be2 a6 12. Bd2 Bg6 13. Ne4 Bxd2 14. Nexd2 Bh5 15. Rfe1 Rfd8 16. Nc4 Ne4 17. Qc2 Ndf6 18. Nce5 Bg6 19. Nxg6 hxg6 20. Ne5 Nd6 21. Nd3 Nf5 22. Rec1 Ne4 23. Ra3 Qh4 24. Bf3 Ng5 25. Qe2 Qh6 26. g3 Rxd4 27. Bg2 Rd6 28. h4 Nh7 29. Nc5 Rb8 30. Ne4 Rdd8 31. Qc2 g5 32. hxg5 Nxg5 33. Nxg5 Qxg5 34. Rb3 Qe7 35. Qc4 Rd6 36. Be4 Rbd8 37. Kg2 Rd2 38. Bxf5 exf5 39. Rh1 R8d5 40. Qb4 Qxb4 41. Rxb4 Rb5 42. Rbh4 f6 43. b4 Rb2 44. Rh8+ Kf7 45. Rd1 R2xb4 46. Rd7+ Ke6 47. Rxg7 Rxa5 48. Rhh7 Kd5 49. Rf7 Kc4 50. Rxf6 Rd5 51. Rhf7 Rbb5 52. Kf3 a5 53. Rh6 a4 54. Rh1 a3 55. Rfh7 Rb2 56. Ra1 Ra5 57. Rd7 Kc5 58. Rd4 a2 59. Rd7 Rb1 60. Rd1 Rxd1 0-1

[Event "NOR-ch qual-A"]
[Site "Oslo"]
[Date "2007.04.05"]
[Round "7"]
[White "Mellem, Nicolas Axel"]
[Black "Gronnestad, Anita"]
[Result "1/2-1/2"]
[WhiteElo "2102"]
[BlackElo "1827"]
[PlyCount "89"]
[EventDate "2007.04.01"]
[EventType "swiss"]
[EventRounds "7"]
[EventCountry "NOR"]
[SourceTitle "EXT 2008"]
[Source "ChessBase"]
[SourceDate "2007.11.25"]
[SourceVersion "1"]
[SourceVersionDate "2007.11.25"]
[SourceQuality "1"]

1. e4 c5 2. Nf3 d6 3. d4 cxd4 4. Nxd4 Nf6 5. Nc3 a6 6. g3 Nc6 7. Bg2 Bd7 8. 0-0 g6 9. Nb3 Bg7 10. a4 0-0 11. a5 Be6 12. Nd5 Bxd5 13. exd5 Ne5 14. Ra4 Qc7 15. Re1 Rfe8 16. Bf1 Qd7 17. Rb4 Rac8 18. f4 Neg4 19. h3 Nh6 20. g4 e6 21. dxe6 fxe6 22. Bg2 Nf7 23. Rxb7 Rc7 24. Rb6 Qc8 25. c3 Nd7 26. Rb4 d5 27. Nd4 Bf8 28. Rb3 Nc5 29. Rb6 Nd6 30. f5 gxf5 31. gxf5 Nxf5 32. Nxf5 exf5 33. Qxd5+ Kh8 34. Rf1 Ne4 35. Be3 Ng3 36. Bd4+ Bg7 37. Bxg7+ Rxg7 38. Rf2 Rd8 39. Rd6 Rxd6 40. Qxd6 Ne4 41. Qd4 Nxf2 42. Qxf2 Qe6 43. b4 Qd5 44. Kh1 Qd1+ 45. Qf1 1/2-1/2

[Event "NOR-ch qual-A"]
[Site "Oslo"]
[Date "2007.04.04"]
[Round "6"]
[White "Mellem, Nicolas Axel"]
[Black "Kvisla, Johannes Luangtep"]
[Result "1-0"]
[WhiteElo "2102"]
[BlackElo "2113"]
[PlyCount "83"]
[EventDate "2007.04.01"]
[EventType "swiss"]
[EventRounds "7"]
[EventCountry "NOR"]
[SourceTitle "EXT 2008"]
[Source "ChessBase"]
[SourceDate "2007.11.25"]
[SourceVersion "1"]
[SourceVersionDate "2007.11.25"]
[SourceQuality "1"]

1. e4 e5 2. d4 exd4 3. Nf3 Nc6 4. Bc4 Nf6 5. Ng5 d5 6. exd5 Qe7+ 7. Kf1 Ne5 8. Qxd4 Nxc4 9. Qxc4 Qc5 10. Qxc5 Bxc5 11. Nc3 Bf5 12. Bf4 0-0 13. Bxc7 Bxc2 14. Rc1 Bd3+ 15. Kg1 Rac8 16. d6 h6 17. Rd1 Bc2 18. Rd2 hxg5 19. Rxc2 Bxd6 20. Bxd6 Rfd8 21. h4 Rxd6 22. hxg5 Ng4 23. g3 Ne5 24. Kg2 Rd3 25. Re2 Nf3 26. Re7 Nxg5 27. Rxb7 g6 28. Rxa7 Rb8 29. Rd1 Rf3 30. Rd2 Rf5 31. Rad7 Kg7 32. R7d5 Nf3 33. Rxf5 Nxd2 34. Rb5 Rc8 35. Nd5 Rc1 36. Ne3 Ra1 37. a3 Ra2 38. Rb4 f5 39. Nc2 Kf6 40. f3 Ke5 41. Kf2 Kd5 42. Rd4+ 1-0

[Event "NOR-ch qual-A"]
[Site "Oslo"]
[Date "2007.04.03"]
[Round "5"]
[White "Hagen, Anders Gjerdrum"]
[Black "Mellem, Nicolas Axel"]
[Result "1/2-1/2"]
[WhiteElo "1817"]
[BlackElo "2102"]
[PlyCount "90"]
[EventDate "2007.04.01"]
[EventType "swiss"]
[EventRounds "7"]
[EventCountry "NOR"]
[SourceTitle "EXT 2008"]
[Source "ChessBase"]
[SourceDate "2007.11.25"]
[SourceVersion "1"]
[SourceVersionDate "2007.11.25"]
[SourceQuality "1"]

1. e4 c5 2. Nf3 e6 3. d4 cxd4 4. Nxd4 Nf6 5. Nc3 Nc6 6. Ndb5 Bb4 7. a3 Bxc3+ 8. Nxc3 d5 9. exd5 exd5 10. Bd3 0-0 11. 0-0 d4 12. Ne2 Bg4 13. Bg5 Qd6 14. Qd2 Bxe2 15. Qxe2 Rfe8 16. Qd2 Ne4 17. Qf4 Qd5 18. Bh4 Nc5 19. Rad1 Nxd3 20. Rxd3 Re4 21. Qg3 Qh5 22. f4 Rae8 23. Rdf3 Kh8 24. Qh3 Re2 25. Rg3 Re1 26. Qg4 Qxg4 27. Rxg4 R1e2 28. Rf2 R8e4 29. Rg5 Re1+ 30. Rf1 Rxf1+ 31. Kxf1 Rxf4+ 32. Bf2 h6 33. Rb5 b6 34. Rd5 Re4 35. Rd6 Re6 36. Rd7 Rf6 37. Ke2 Re6+ 38. Kd2 Rg6 39. g3 Ne5 40. Rxa7 Nf3+ 41. Ke2 Nxh2 42. Rxf7 Re6+ 43. Kd3 Kg8 44. Rf4 g5 45. Rxd4 Nf3 1/2-1/2

[Event "NOR-ch qual-A"]
[Site "Oslo"]
[Date "2007.04.03"]
[Round "4"]
[White "Mellem, Nicolas Axel"]
[Black "Skrondal, Inge Sandstad"]
[Result "1/2-1/2"]
[WhiteElo "2102"]
[BlackElo "2112"]
[PlyCount "93"]
[EventDate "2007.04.01"]
[EventType "swiss"]
[EventRounds "7"]
[EventCountry "NOR"]
[SourceTitle "EXT 2008"]
[Source "ChessBase"]
[SourceDate "2007.11.25"]
[SourceVersion "1"]
[SourceVersionDate "2007.11.25"]
[SourceQuality "1"]

1. e4 c5 2. Nf3 d6 3. d4 Nf6 4. Nc3 cxd4 5. Nxd4 a6 6. g3 g6 7. Bg2 Bg7 8. 0-0 0-0 9. a4 Nc6 10. Nb3 Na5 11. Nxa5 Qxa5 12. Nd5 Nxd5 13. exd5 Qc7 14. c3 b6 15. Bf4 Rb8 16. Qd2 b5 17. axb5 Rxb5 18. Rfe1 Rb8 19. Ra4 a5 20. Bh6 Qd7 21. Rh4 Bf6 22. Ree4 Re8 23. Bg5 Rxb2 24. Qxb2 Bxg5 25. Rhg4 Bh6 26. Ra4 Qxg4 27. Rxg4 Bxg4 28. Qb5 Rc8 29. Qxa5 Rc5 30. Qa4 Bf5 31. c4 Bf8 32. Bf1 Rc7 33. h3 h5 34. Qd1 Rb7 35. g4 Rb1 36. Qf3 hxg4 37. hxg4 Bd7 38. Kg2 Rb2 39. g5 Bf5 40. Qe3 e6 41. Be2 exd5 42. cxd5 Rb7 43. f4 Rb4 44. Bf3 Bg7 45. Qe8+ Bf8 46. Qe3 Bg7 47. Qe8+ 1/2-1/2